История России #4: Междоусобицы и нашествие - Statistics

General Stats
  • This quiz has been taken 61 times
    25 since last reset
  • The average score is 17 of 50
Answer Stats
Вопрос Ответ % Correct
"Злой город" Козельск
75%
Взятие Рязани Батыем 1237
75%
Битва на Сити 1238
75%
Новгородская революция 1136
69%
Первое упоминание Москвы 1147
69%
Взятие Киева Батыем 1240
63%
Взятие Батыем Галича 1240
56%
Битва трех Мстиславов 1223
50%
Взятие Владимира Батыем 1238
50%
Храм, построенный АндреемБоголюбским после гибели сына Церковь Покрова наНерли
50%
Первый король Руси Даниил РомановичГалицкий
50%
Новгородские пираты Ушкуйники
44%
Правление Андрея Боголюбскогов Владимиро-Суздальском кн-ве 1157-1174
44%
Князь Галича, получивший прозвище, благодаря его знанию 8 языков Ярослав Владимиркович
Осмомысл
44%
Хан, умерший в 1241, вызвавшийвозвращение Батыя в степь Угэдэй
38%
Взятие Киева "на щит" Мстиславом
Андреевичем
1169
38%
Поход Андрея Боголюбскогона Новгород 1170
38%
Правление Всеволода БольшоеГнездо во Владимире 1176-1212
38%
Поход Игоря Святославича Новгород-Северского на половцев 1185
38%
Создание Галицко-Волынскогокняжества 1199
38%
Основание Нижнего Новгорода 1221
38%
Города, основанные ЮриемДолгоруким Дмитров, Юрьев-Польский, Переяславль- Залесский, Звенигород,
Кострома
38%
Город, из которого Андрей Боголюбский увез Владимирскую икону Божией
матери
Вышгород
31%
Первый князь Галицко-Волынскойземли Роман Мстиславович
31%
Воевода, оборянвший Москву оттатаро-монгол Филипп Нянька
31%
1-я Липицкая битва 1176
31%
2-я Липицкая битва 1216
31%
Собор, построенный Андреем Боголюбским для Владимирской иконы Божией Матери Успенский собор воВладимире
31%
Храм, построенный АндреемБоголюбским, использовавшийся в том числе как оборонительное строение Золотые ворота
25%
Храм, построенный ЮриемДолгоруким в Юрьеве-Польском Георгиевский собор
25%
Правление Юрия Долгорукого в Ростово-Суздальском княжестве 1125-1157
25%
Киевское княжение ЯрополкаВладимировича 1132-1139
25%
Создание Галицкого княжестваВладимиром Володаревичем 1141
25%
Киевское княжение Юрия Долгорукого 1155-1157
25%
Булгарский поход АндреяБоголюбского 1164
25%
Поход, во время которого новгородцы получили сигтунские ворота 1187
25%
Разгром Волжской Булгарии Батыем 1236-1237
25%
Противник Юрия Долгорукого в борьбе за Киев Изяслав Мстиславович
25%
Киевский князь, погибший в битвена Калке Мстислав РомановичСтарый
25%
Небольшой регион веденияэффективного сх на Севере Руси Ополье
19%
Название городов новгородской земли, например Пскова, Торжка, Ладоги, обозначающее их подчиненное
Новгороду положение
Пригороды
19%
Булгарский поход Юрия Долгорукого 1120
19%
Киевское княжение ВсеволодаОльговича 1139-1146
19%
Правление КонстантинаВсеволодовича во Владимире 1216-1218
19%
Известный полководец, союзникКонстантина Всеволодича, участник битвы на Калке, на Липице Мстислав МстиславичУдатный
19%
Храм, построенный ВсеволодомЮрьевичем во Владимире Дмитровский собор
13%
Пять районов, на которые делилсяВеликий Новгород Пятины
13%
Правление Юрия Всеволодовичаво Владимире 1218-1238
13%
Противники Константина Всеволодовича в междоусобице Юрий Всеволодович, Ярослав Всеволодович
13%
Черниговский князь, погибший в битве на Калке Мстислав Святославович
6%
No matching quizzes found
Score Distribution
Percent of People with Each Score
Percentile by Number Answered
Your Score History
You have not taken this quiz since the last reset